The Measurement of the cation-exchange capacity of plant roots (Record no. 45330)

MARC details
000 -LEADER
fixed length control field 00320nam a2200121Ia 4500
100 ## - MAIN ENTRY--AUTHOR NAME
Personal name Crooke W M
245 #4 - TITLE STATEMENT
Title The Measurement of the cation-exchange capacity of plant roots
260 ## - PUBLICATION, DISTRIBUTION, ETC. (IMPRINT)
Name of publisher Plant and Soil
Year of publication 1964
300 ## - PHYSICAL DESCRIPTION
Number of Pages 43-49
650 ## - SUBJECT ADDED ENTRY--TOPICAL TERM
Topical Term Plant roots
942 ## - ADDED ENTRY ELEMENTS (KOHA)
Koha item type Reprints
Holdings
Withdrawn status Lost status Damaged status Not for loan Home library Current library Shelving location Date acquired Serial Enumeration / chronology Accession Number Koha item type
      Reprints RRII Library RRII Library Agronomy 22/12/2021 Volume 21, Issue 1 P01250 Reprints